000 00399nam a2200169Ia 4500
008 170705s9999 xx 000 0 und d
020 _a9780439120519
245 _aUsborne book of racing cars /
245 _cby Clive Gifford.
260 _aNew York :
260 _bScholastic,
260 _c1993
300 _a32 pages :
300 _bchiefly colored ;
300 _c28cm.
500 _a640
999 _c337288
_d337288